| 000 | 00633nam a22001697a 4500 | ||
|---|---|---|---|
| 003 | NUST | ||
| 038 | _aNusrat Nadeem | ||
| 082 | _a200 | ||
| 100 |
_aJalil, Amna _9125470 |
||
| 245 |
_aMicrobiological and Molecular Evaluation of the Extra intestinal Pathogenic E. coli Isolates from Poultry, Bovine, and Human for Determining its Zoonotic Potential/ _cAmna Jalil, |
||
| 264 |
_aIslamabad; _bASAB NUST; _c2024. |
||
| 300 |
_a376,p; _bill; _c30,cm. |
||
| 650 |
_aPhD- Applied Biosciences _9123210 |
||
| 700 |
_aSupervised : Dr. Fazal Adnan _9125471 |
||
| 856 | _uhttp://10.250.8.41:8080/xmlui/handle/123456789/46142 | ||
| 942 |
_2ddc _cSC |
||
| 999 |
_c611222 _d611222 |
||